Normal view
MARC view
- لغة الشعر-الشعر
Entry Topical Term
001 - CONTROL NUMBER
- control field: 41820
003 - CONTROL NUMBER IDENTIFIER
- control field: JO-AjAnu
005 - DATE AND TIME OF LATEST TRANSACTION
- control field: 20230606080937.0
008 - FIXED-LENGTH DATA ELEMENTS
- fixed length control field: 230606|| aca||aabn | a|a d
040 ## - CATALOGING SOURCE
- Original cataloging agency: JO-AjAnu
- Transcribing agency: JO-AjAnu
150 ## - HEADING--TOPICAL TERM
- Topical term or geographic name entry element: لغة الشعر-الشعر
670 ## - SOURCE DATA FOUND
- Source citation: Work cat.: (JO-AjAnu)21428: تاليف السامرائي، ابراهيم, author 41819, في لغة الشعر